Normal view
MARC view
Entry Personal Name
001 - CONTROL NUMBER
- control field: 48213
003 - CONTROL NUMBER IDENTIFIER
- control field: dpl
005 - DATE AND TIME OF LATEST TRANSACTION
- control field: 20120530152106.0
008 - FIXED-LENGTH DATA ELEMENTS
- fixed length control field: 120530|||a|||||| | ||| d
040 ## - CATALOGING SOURCE
- Original cataloging agency: dpl
- Transcribing agency: dpl
100 ## - HEADING--PERSONAL NAME
- Personal name: Pattanaik, Devdutt
670 ## - SOURCE DATA FOUND
- Source citation: Work cat.: (dpl)58322: Pattanaik, Devdutt, Seven (7) secrets of Vishnu /, 2011
670 ## - SOURCE DATA FOUND
- Source citation: Work cat.: (dpl)58322: Pattanaik, Devdutt, Seven (7) secrets of Vishnu /, 2011
